00341nam a22001217a 4500020000800000040001600008082001300024100002000037245005300057250002300110260005000133300003600183 qPB. cFizza Ishaq a282bROB aTrisco, Robert. aThe Catholic Historical Review /cRobert Trisco. aVol LXXXVII, No. 2 aNew York :bCatholic University Press,c2001. a381 p, ;c8.8 x 5.9 x .5 inches